000 00366nam a22001457a 4500
008 250313b |||||||| |||| 00| 0 eng d
020 _a9780393935226
050 _aQB45.2
_b.F73
100 _aFrank Adam
245 _aAstronomy at Play in the Cosmos
250 _a2nd
260 _aNew York
_bW.W. Norton and Company Ltd
_c2020
300 _axxiii,497p
942 _cBK
999 _c2290
_d2290